000
00240nam a22000857a 4500
008
160916b xxu||||| |||| 00| 0 eng d
100
_9
606
_a
Balasubramaniam.P.
245
_a
Bridgers English Reader-I
260
_a
New Delhi
_b
Frank Publications
_c
2012
999
_c
3264
_d
3264